US Elections: Second-to-Last Man Standing Quiz Stats

 Plays Quiz Updated Dec 15, 2020

Support Sporcle.
Go Orange.
Score 0/24 Timer 04:00
4 Plays Today
Year and Party Candidate % Correct
2012, DemocraticNone
100%
2004, RepublicanNone
99.9%
1996, DemocraticNone
99.9%
1984, RepublicanNone
99.9%
2016, DemocraticBernie Sanders
90%
2020, DemocraticBernie Sanders
89.2%
2008, DemocraticHillary Clinton
73.1%
2016, RepublicanJohn Kasich
59.2%
1980, RepublicanGeorge H. W. Bush
58.7%
1976, RepublicanRonald Reagan
46.2%
2020, RepublicanBill Weld
33.8%
1980, DemocraticTed Kennedy
33.2%
Year and Party Candidate % Correct
2012, RepublicanRon Paul
28.5%
2008, RepublicanRon Paul
28.5%
1984, DemocraticGary Hart and Jesse Jackson
28.4%
1988, DemocraticJesse Jackson
23.4%
1996, RepublicanPat Buchanan
19.4%
1992, RepublicanPat Buchanan
19.4%
2000, DemocraticBill Bradley
17.5%
1976, DemocraticMo Udall and Jerry Brown
15.6%
1992, DemocraticJerry Brown
14.9%
2004, DemocraticDennis Kucinich
8.3%
2000, RepublicanAlan Keyes
7.7%
1988, RepublicanPat Robertson
7.5%

You're not logged in!

Compare scores with friends on all Sporcle quizzes.
OR
Log In

From the Vault

Word Hourglass VIII

by sproutcm

We're not sure how all these words are supposed to fit through an hourglass, some of them are really pointy.
Remove Ads.
Support Sporcle.
Get the best of Sporcle when you Go Orange. This ad-free experience offers more features, more stats, and more fun while also helping to support Sporcle. Thank you for becoming a member.

Show Comments

Extras

Top Quizzes Today


Score Distribution

Your Account Isn't Verified!

In order to create a playlist on Sporcle, you need to verify the email address you used during registration. Go to your Sporcle Settings to finish the process.

Report this User

Report this user for behavior that violates our Community Guidelines.

Details: